Central Library OPAC University of Rajshahi

English popular and traditional art / (Record no. 77054)

MARC details
000 -LEADER
fixed length control field 01085cam a22003251 4500
001 - CONTROL NUMBER
control field 77054
003 - CONTROL NUMBER IDENTIFIER
rucl marc code BD-RjUL
005 - DATE AND TIME OF LATEST TRANSACTION
control field 20211209082924.0
008 - FIXED-LENGTH DATA ELEMENTS--GENERAL INFORMATION
fixed length control field 200217s1946 enkaf b 000 0 eng
035 ## - SYSTEM CONTROL NUMBER
System control number (BD-RjUL) 77278
System control number (OCoLC)529619
040 ## - CATALOGING SOURCE
Original cataloging agency DLC
Transcribing agency ODaWU
Modifying agency OCoLC
-- DLC
Language of cataloging eng
041 ## - LANGUAGE CODE
Language code of text/sound track or separate title eng
042 ## - AUTHENTICATION CODE
Authentication code premarc
082 ## - DEWEY DECIMAL CLASSIFICATION NUMBER
Classification number 745
Edition number 23
Author mark and year MAE 1946
100 1# - MAIN ENTRY--PERSONAL NAME
Personal name Marx, Enid,
Dates associated with a name 1902-1998.
9 (RLIN) 239556
245 10 - TITLE STATEMENT
Title English popular and traditional art /
Statement of responsibility, etc. [by] Enid Marx [and] Margaret Lambert. With 8 plates in colour and 30 illustrations in black & white.
260 ## - PUBLICATION, DISTRIBUTION, ETC. (IMPRINT)
Place of publication, distribution, etc. London,
Name of publisher, distributor, etc. Collins,
Date of publication, distribution, etc. 1946.
300 ## - PHYSICAL DESCRIPTION
Pagination 46, [2] p. :
Illustrations illus., col. plates. ;
Size 23 cm.
504 ## - BIBLIOGRAPHY, ETC. NOTE
Bibliography, etc "Short bibliography": p. [48]
650 #0 - SUBJECT ADDED ENTRY--TOPICAL TERM
Topical term or geographic name as entry element Folk art
Geographic subdivision England.
9 (RLIN) 239559
Topical term or geographic name as entry element Decorative arts
Geographic subdivision England.
9 (RLIN) 239560
700 1# - ADDED ENTRY--PERSONAL NAME
Personal name Lambert, Margaret,
906 ## - LOCAL DATA ELEMENT F, LDF (RLIN)
a 7
b cbc
c oclcrpl
d u
e ncip
f 19
g y-gencatlg
942 ## - ADDED ENTRY ELEMENTS (KOHA)
Source of classification or shelving scheme Dewey Decimal Classification
Koha item type Books
Holdings
Lost status Source of classification or shelving scheme Damaged status Not for loan Collection code Permanent Location Current Location Shelving location Date acquired Total Checkouts Full call number Date last seen Copy number Koha item type
  Dewey Decimal Classification   Not For Loan Non-fiction Central Library, University of Rajshahi Central Library, University of Rajshahi Reading Room 19/02/2020   745 MAE 1946 19/02/2020 C-1 Books